Library Catalogue
St. Thomas' College (Autonomous),Thrissur

Staying Alive: Women, Ecology and Survival in India (Record no. 87039)

MARC details
000 -LEADER
fixed length control field 00420nam a2200169Ia 4500
003 - CONTROL NUMBER IDENTIFIER
control field STCL
008 - FIXED-LENGTH DATA ELEMENTS--GENERAL INFORMATION
fixed length control field 181203s9999 xx 000 0 und d
020 ## - INTERNATIONAL STANDARD BOOK NUMBER
International Standard Book Number 9788188965588
040 ## - CATALOGING SOURCE
Original cataloging agency STCL
Language of cataloging EN
Transcribing agency STCL
082 ## - DEWEY DECIMAL CLASSIFICATION NUMBER
Edition number 22
100 ## - MAIN ENTRY--PERSONAL NAME
Personal name Shiva, Vandana
245 #0 - TITLE STATEMENT
Title Staying Alive: Women, Ecology and Survival in India
260 ## - PUBLICATION, DISTRIBUTION, ETC. (IMPRINT)
Name of publisher, distributor, etc. Kali for Women
Place of publication, distribution, etc. New Delhi
Date of publication, distribution, etc. 2015
300 ## - PHYSICAL DESCRIPTION
Extent 224
546 ## - LANGUAGE NOTE
Language note English
942 ## - ADDED ENTRY ELEMENTS (KOHA)
Source of classification or shelving scheme Dewey Decimal Classification
Koha item type Book
Holdings
Withdrawn status Lost status Source of classification or shelving scheme Damaged status Not for loan Home library Current library Shelving location Date acquired Total Checkouts Total Renewals Full call number Barcode Date last seen Date last checked out Price effective from Koha item type
    Dewey Decimal Classification     Santhome Athenaeum Santhome Athenaeum General Stacks 03/12/2018 4 2 305.42 SHI-S 95668 28/02/2026 12/01/2026 03/12/2018 Book
The Librarian
St. Thomas' College (Autonomous),
Thrissur - 680 001, Kerala, INDIA


Phone: +91 487 2420435    Ext: 1006   |    E-mail: stctlib@gmail.com    |    Web: http://stthomas.ac.in